Pokémon - Les attaques de Charbi - Statistiques

Statistiques générales
  • Ce quiz a été pris 15 fois
  • Le résultat moyen est 6 sur 10
Statistiques - réponses
Niveaux Types Noms des attaques % Correct
Niveau 15 Roche Poliroche
100%
Départ Normal Charge
83%
Niveau 30 Roche Piège de Roc
83%
Niveau 10 Roche Anti-Air
67%
Niveau 40 Roche Boule Roc
67%
Niveau 20 Roche Pouvoir Antique
67%
Niveau 25 Feu Calcination
50%
Départ Normal Brouillard
17%
Niveau 35 Feu Tacle Feu
17%
Niveau 5 Normal Tour Rapide
0%
Aucun quiz correspondant
Distribution des résultats
% des personnes avec chaque résultat
Percentile par nombre de réponses
Votre historique - résultats
Vous n’avez pas pris ce quiz